Statistics for All 25k+ cities in Europe starting with K on a Map

Click here to take the quiz!

General Stats

  • This quiz has been taken 66 times
    (64 since last reset)
  • The average score is 35 of 232

Answers on the Map

Answers color-coded by a green-red scale on the quiz's map according to % correct below.
 

Answer Stats

CountryPopulationCity% Correct
Ukraine2,967,360Kiev
98%
Poland779,115Krakow
92%
Germany246,794Kiel
90%
Russia489,359Kaliningrad
86%
Ukraine1,443,207Kharkiv
86%
Poland292,774Katowice
76%
Lithuania293,257Kaunas
72%
Russia932,629Krasnodar
70%
United Kingdom288,028Kingston upon Hull
66%
Germany312,060Karlsruhe
62%
Russia (Tatarstan)1,257,391Kazan
58%
Austria101,779Klagenfurt am Wörthersee
56%
Slovakia238,593Košice
56%
Germany100,030Kaiserslautern
54%
Germany202,137Kassel
52%
Lithuania149,046Klaipėda
52%
Germany114,052Koblenz
52%
Germany84,911Konstanz
50%
Norway112,588Kristiansand
48%
Germany227,417Krefeld
44%
Russia29,946Kirov
38%
Russia (Kirov)518,348Kirov
38%
Greece59,625Kalamáta
36%
Belgium77,109Kortrijk
36%
Russia452,976Kursk
36%
Czechia48,479Karlovy Vary
34%
Poland194,852Kielce
34%
Finland119,282Kuopio
34%
Germany69,151Kempten (Allgäu)
32%
Greece39,330Kerkyra
32%
Germany52,388Kleve
32%
Poland107,048Koszalin
32%
Ukraine619,278Kryvyi Rih
32%
Poland100,246Kalisz
28%
Czechia69,337Kladno
28%
Poland73,522Konin
28%
Serbia150,835Kragujevac
28%
Russia332,039Kaluga
26%
Sweden41,110Kalmar
24%
Germany43,023Kamen
24%
United Kingdom48,691King's Lynn
24%
United Kingdom50,220Kirkcaldy
24%
Denmark61,121Kolding
24%
Germany37,639Königs Wusterhausen
24%
Slovenia25,753Koper
24%
Hungary110,687Kecskemét
22%
Russia151,548Kerch
22%
Ukraine286,958Kherson
22%
United Kingdom57,929Kidderminster
22%
Poland46,259Kołobrzeg
22%
North Macedonia73,590Kumanovo
22%
Sweden68,558Karlstad
20%
Germany36,664Kehl
20%
Sweden41,300Kristianstad
20%
Germany37,596Kamp-Lintfort
18%
Croatia46,833Karlovac
18%
United Kingdom53,538Keighley
18%
Germany66,702Kerpen
18%
United Kingdom60,749Kettering
18%
United Kingdom46,580Kilmarnock
18%
Russia276,929Kostroma
18%
Finland82,113Kouvola
18%
Serbia64,175Kraljevo
18%
Sweden37,166Karlskrona
16%
Germany44,398Kaufbeuren
16%
Austria27,595Klosterneuburg
16%
Estonia33,197Kohtla-Järve
16%
Ukraine61,265Kolomyia
16%
Germany41,277Königswinter
16%
Greece30,176Kórinthos
16%
Finland52,126Kotka
16%
Ukraine219,022Kremenchuk
16%
Serbia58,745Kruševac
16%
Germany25,866Kulmbach
16%
Ukraine273,713Khmelnytskyi
14%
Russia79,715Klin
14%
Belgium33,089Knokke-Heist
14%
Albania51,152Korçë
14%
Germany25,641Köthen (Anhalt)
14%
Slovenia37,941Kranj
14%
Bulgaria39,284Kyustendil
14%
Greece100,641Kallithéa
12%
Poland60,641Kędzierzyn-Koźle
12%
Germany34,514Kempen
12%
United Kingdom29,672Kendal
12%
Germany28,087Kevelaer
12%
Russia259,550Khimki
12%
United Kingdom43,796Kirkby
12%
United Kingdom28,650Kirkby in Ashfield
12%
Turkey79,038Kırklareli
12%
Russia (Kirov)69,835Kirovo-Chepetsk
12%
Czechia31,973Kolín
12%
Germany33,825Kornwestheim
12%
Ukraine68,240Kovel
12%
Ukraine152,120Kramatorsk
12%
Russia175,554Krasnogorsk
12%
Russia37,627Krasny Sulin
12%
Germany43,493Kaarst
10%
Ukraine66,140Kalush
10%
Russia87,760Kamensk-Shakhtinsky
10%
Ukraine98,970Kamianets-Podilskyi
10%
Ukraine231,915Kamianske
10%
Russia (Volgograd)109,910Kamyshin
10%
Hungary61,441Kaposvár
10%
Greece54,027Kavála
10%
Finland36,756Kerava
10%
Netherlands30,885Kerkrade
10%
Poland26,742Kłodzko
10%
Belarus52,600Kobryn
10%
Denmark37,754Køge
10%
Finland47,681Kokkola
10%
Slovakia33,751Komárno
10%
Greece50,990Komotiní
10%
Switzerland42,044Köniz
10%
Ukraine62,833Korosten
10%
Poland34,230Kraśnik
10%
Ukraine225,339Kropyvnytskyi
10%
Finland36,709Kajaani
8%
Czechia52,128Karviná
8%
Greece55,997Kateríni
8%
North Macedonia29,200Kavadarci
8%
Germany29,075Kelkheim (Taunus)
8%
North Macedonia27,080Kičevo
8%
Germany40,783Kirchheim unter Teck
8%
Russia50,525Kirishi
8%
Hungary29,306Kiskunfélegyháza
8%
Russia (Stavropol)128,779Kislovodsk
8%
Russia140,129Kolomna
8%
Germany28,059Königsbrunn
8%
Germany33,251Korschenbroich
8%
Russia135,715Kovrov
8%
Greece41,066Kozáni
8%
Germany31,122Kreuztal
8%
Czechia28,620Kroměříž
8%
Poland46,291Krosno
8%
Poland43,911Kutno
8%
Finland33,937Kaarina
6%
Greece91,518Kalamariá
6%
Turkey111,457Kapaklı
6%
Bulgaria43,600Kardzhali
6%
Sweden27,881Karlskoga
6%
Turkey60,995Keşan
6%
Poland27,056Kętrzyn
6%
Russia (Dagestan)145,109Khasavyurt
6%
Ukraine79,957Khrustalni
6%
Serbia38,065Kikinda
6%
Russia45,216Kingisepp
6%
Hungary27,017Kiskunhalas
6%
Russia62,992Klintsy
6%
Poland38,112Knurów
6%
North Macedonia27,940Kočani
6%
Norway27,694Kongsberg
6%
Ukraine85,603Konotop
6%
Russia225,828Korolyov
6%
Russia (Arkhangelsk)61,990Kotlas
6%
Switzerland27,847Kriens
6%
Russia77,655Kropotkin
6%
Poland28,804Krotoszyn
6%
Russia57,927Krymsk
6%
Russia (Penza)80,497Kuznetsk
6%
Poland38,418Kwidzyn
6%
Ukraine74,053Kadiivka
4%
Serbia26,904Kaluđerica
4%
Finland31,868Kangasala
4%
Belgium26,981Kapellen
4%
Greece38,554Kardítsa
4%
Russia (Dagestan)123,988Kaspiysk
4%
Bulgaria44,699Kazanlǎk
4%
Greece77,077Keratsíni
4%
Ukraine28,321Khust
4%
United Kingdom26,276Kidsgrove
4%
Greece47,332Kifisiá
4%
Russia (Ivanovo)80,950Kineshma
4%
United Kingdom51,099Kingswinford
4%
Finland39,586Kirkkonummi
4%
Ukraine69,817Kostiantynivka
4%
Russia29,634Kostomuksha
4%
Russia (Nizhny Novgorod)67,797Kstovo
4%
Russia41,102Kudrovo
4%
Sweden26,193Kungälv
4%
Russia (Perm)64,898Kungur
4%
Ukraine35,795Kakhovka
2%
Greece41,720Kalamaki
2%
Belarus37,700Kalinkavichy
2%
Greece28,361Kamatero
2%
Netherlands32,195Kampen
2%
Russia (Chuvashia)44,795Kanash
2%
Russia30,379Kandalaksha
2%
Russia44,080Kanevskaya
2%
Norway42,345Karmøy
2%
Russia47,392Kashira
2%
Hungary25,981Kazincbarcika
2%
Ukraine56,551Khartsyzk
2%
Ukraine27,398Khmilnyk
2%
Ukraine27,503Khrestivka
2%
Ukraine53,945Khystyakove
2%
Russia43,216Kimry
2%
Russia26,020Kirovsk
2%
Russia26,887Kirovsk
2%
Russia26,703Kirzhach
2%
Turkey40,433Kızılpınar
2%
Russia (Dagestan)49,412Kizlyar
2%
Russia30,161Kokhma
2%
Russia36,460Konakovo
2%
Russia29,218Kondopoga
2%
Russia42,418Korenovsk
2%
Greece63,445Korydallós
2%
Russia26,300Krasnoarmeysk
2%
Russia (Perm)52,537Krasnokamsk
2%
Russia43,191Krasnoznamensk
2%
Russia (Bashkortostan)59,478Kumertau
2%
Ukraine27,584Kupiansk
2%
Russia38,125Kurchatov
2%
Russia48,194Kurganinsk
2%
Greece26,370Kaisarianí
0%
Russia (Penza)34,577Kamenka
0%
Russia (Ingushetia)42,724Karabulak
0%
Russia (Ryazan)29,240Kasimov
0%
Russia25,563Kimovsk
0%
Russia (Samara)35,753Kinel
0%
Russia26,341Kireyevsk
0%
Russia (Dagestan)37,752Kizilyurt
0%
Russia (Stavropol)25,043Kochubeyevskoye
0%
Russia41,953Kolchugino
0%
Russia (Arkhangelsk)35,714Koryazhma
0%
Ukraine31,215Kostopil
0%
Russia49,023Kotelniki
0%
Russia (Tambov)28,955Kotovsk
0%
Russia (Perm)30,425Kudymkar
0%
Russia (Nizhny Novgorod)31,794Kulebaki
0%
Russia (Chechnya)26,581Kurchaloy
0%
Russia28,120Kushchyovskaya
0%

Score Distribution

Percentile by Number Answered

Percent of People with Each Score

Your Score History

You have not taken this quiz since the last reset